Datum a čas kvízu

27.5 Celkem bodů Celkový počet nahraných bodů na tomto kvízu bez doplňovacích otázek.
2. Pořadí na kvízu Konečné umístění týmu na tomto kvízu.

Zaznamenané odpovědi

# Otázka Odpověď Body Výsledky
1. V pondělí se v pražské Kramářo... bývalí premiéři ČR (s doprovodem) 1
2. Vláda jednoho ostrovního státu... o Japonsku 0
3. V pondělí měl premiéru nový če... Místo činu České Budějovice 0
4. Členové volební komise dostano... A 0
5. Hvězdný portugalský fotbalista... do Jihoafrické republiky (Jižní Afriky) 0
6. Podíváme se na pět kandidátů,... C 0
7. Ve které velké evropské zemi b... ve Francii 0
8. Které tvrzení o Marku Hilšerov... B 1
9. Které brněnské univerzitě šéfo... Mendelově univerzitě 1
10. Petr Pavel zastával v letech 2... předseda vojenského výboru 0